Το ποντιακό ζήτημα σήμερα

Αποθηκεύτηκε σε:
Λεπτομέρειες βιβλιογραφικής εγγραφής
Κύριος συγγραφέας: Χαραλαμπίδης, Μιχάλης 1951-
Μορφή: Βιβλίο
Γλώσσα:Greek
Δημοσίευση: Αθήνα : Γόρδιος, c1996
Έκδοση:2η έκδ.
Σειρά:Μελέτες (Ίδρυμα Μεσογειακών Μελετών)
Θέματα:
Ετικέτες: Προσθήκη ετικέτας
Δεν υπάρχουν, Καταχωρήστε ετικέτα πρώτοι!

MARC

LEADER 00000nam a2200000 i 4500
001 1/14252
008 980428s1996 gre d
020 |a 960-7083-20-2 
035 |l 10019353 
040 |a GR-MY-UA  |b gre  |e aacr 
041 0 |a gre 
082 0 |a 938.993 
100 1 |a Χαραλαμπίδης, Μιχάλης  |d 1951- 
245 1 3 |a Το ποντιακό ζήτημα σήμερα /  |c Μιχάλης Χαραλαμπίδης 
250 |a 2η έκδ. 
260 |a Αθήνα :   |b Γόρδιος,   |c c1996 
300 |a 168 σ.  |b εικ. 
490 1 |a Μελέτες 
500 |a Ίδρυμα Μεσογειακών μελετών 
650 0 0 |a Greeks  |z Pontus  |x History  |y 20th century. 
651 0 |a Pontus  |x History. 
830 0 |a Μελέτες (Ίδρυμα Μεσογειακών Μελετών) 
852 |a INST  |b LESVOS  |e 19980428  |h 938.993 ΧΑΡ  |p 005100014171  |q 005100014171  |t BK  |y 0 
901 |a BIBL-1998-2 
909 |a Λ  |b 055335 
922 |a 1ΕΛΗ  |b 199803  |c ΚΠΣ/ΤΚ  |d EMVASIS 
950 |a 103-1998-02-16 
970 |z 2000/05/ΟΙΚΟΝΟΜΟΠΟΥΛΟΥ ΧΡΙΣΤΙΝΑ